00925nam a22002177a 4500999001700000003000900017008004100026040007100067082002400138100003100162245004300193260004800236300003600284505018500320650002100505650003200526650001500558942001600573945002000589952009800609 c16418d16418AR-CdUCM190503b ||||| |||| 00| 0 spa d aMUNICIPALIDAD PROVINCIAL DEL CUSCOcBIBLIOTECA MUNICIPAL DEL CUSCO 22ed.a327.85 /bP83 aPorras Barrenechea, Raúl aHistoria de los límites del Perú / aLima :bLibr. Francesa científica,c1930. a172 páginas ;bMapas,c20 cm. aContenido: El Perú incaico y colonial -- Limites de las colonias españolas y portugueses -- Desmembraciones del virreinato peruano -- El principio de los limites coloniales ... aFronteras935849 aRelaciones exteriores94428 aPerú935 2ddccLIBROS aacvd2019-05-03 002ddc4070aSHbSHcCARTd2019-05-03g20.00o327.85 / P83pSH0000011444r2019-05-03yLIBROS